All Pokémon Moves: Gen I - IX - Statistics

General Stats
  • This quiz has been taken 53 times
    32 since last reset
  • The average score is 400 of 914
Answer Stats
Type Category BP Accu. Gen Move % Correct
Ice Special 90 100% I Ice Beam
82%
Ice Physical 60 100% IV Avalanche
76%
Dark Physical 60 100% I Bite
76%
Fire Physical 85 90% III Blaze Kick
76%
Normal Status I Conversion
76%
Normal Status II Conversion 2
76%
Normal Physical 50 95% I Cut
76%
Normal Physical 250 100% I Explosion
76%
Grass Status VI Grassy Terrain
76%
Ice Physical 65 95% IV Ice Fang
76%
Ice Physical 75 100% I Ice Punch
76%
Grass Physical 90 100% III Leaf Blade
76%
Ghost Physical 30 100% I Lick
76%
Normal Physical 120 75% I Mega Kick
76%
Normal Physical 80 85% I Mega Punch
76%
Ice Status I Mist
76%
Normal Physical 20 100% I Rage
76%
Normal Status I Roar
76%
Electric Special 110 70% I Thunder
76%
Rock Physical 40 100% VII Accelerock
71%
Poison Special 40 100% I Acid
71%
Poison Status I Acid Armor
71%
Bug Physical 90 100% IV Attack Order
71%
Ice Special 110 70% I Blizzard
71%
Normal Physical 85 100% I Body Slam
71%
Bug Physical 60 100% IV Bug Bite
71%
Bug Special 90 100% IV Bug Buzz
71%
Ghost Status 100% I Confuse Ray
71%
Normal Physical 75 95% III Crush Claw
71%
Normal Physical 15 85% I Double Slap
71%
Dragon Special 130 90% IV Draco Meteor
71%
Fire Special 40 100% I Ember
71%
Grass Special 90 100% IV Energy Ball
71%
Grass Physical 70 100% VIII Grassy Glide
71%
Normal Status 100% I Growl
71%
Ice Status III Hail
71%
Bug Status IV Heal Order
71%
Normal Special 150 90% I Hyper Beam
71%
Ice Physical 85 90% V Icicle Crash
71%
Fighting Physical 100 95% I Jump Kick
71%
Grass Special 130 90% IV Leaf Storm
71%
Flying Status I Mirror Move
71%
Bug Status 100% VI Powder
71%
Psychic Special 90 100% I Psychic
71%
Normal Physical 40 100% I Quick Attack
71%
Water Status II Rain Dance
71%
Rock Status IV Rock Polish
71%
Rock Physical 75 90% I Rock Slide
71%
Rock Status II Sandstorm
71%
Normal Physical 200 100% I Self-Destruct
71%
Grass Status 75% I Sleep Powder
71%
Grass Status VI Spiky Shield
71%
Normal Physical 40 100% I Tackle
71%
Electric Special 90 100% I Thunderbolt
71%
Bug Physical 25 100% I Twineedle
71%
Grass Physical 45 100% I Vine Whip
71%
Grass Special 20 100% I Absorb
65%
Flying Special 75 95% IV Air Slash
65%
Psychic Status I Amnesia
65%
Water Physical 40 100% IV Aqua Jet
65%
Normal Status 100% II Attract
65%
Ice Special 65 100% I Aurora Beam
65%
Normal Physical I Bide
65%
Normal Physical 15 85% I Bind
65%
Fire Special 150 90% III Blast Burn
65%
Fighting Status III Bulk Up
65%
Grass Physical 25 100% III Bullet Seed
65%
Psychic Special 50 100% I Confusion
65%
Fighting Physical 100% I Counter
65%
Dark Physical 80 100% II Crunch
65%
Normal Physical 100% IV Crush Grip
65%
Fairy Special 80 100% VI Dazzling Gleam
65%
Normal Physical 120 100% I Double-Edge
65%
Fighting Physical 30 100% I Double Kick
65%
Dragon Physical 80 100% III Dragon Claw
65%
Fire Special 90 100% I Flamethrower
65%
Normal Status 100% I Flash
65%
Grass Special 150 90% III Frenzy Plant
65%
Grass Special 75 100% II Giga Drain
65%
Normal Physical 150 90% IV Giga Impact
65%
Ice Special 65 95% V Glaciate
65%
Grass Special 80 100% V Grass Pledge
65%
Normal Physical 70 100% I Headbutt
65%
Fighting Physical 130 90% I High Jump Kick
65%
Normal Physical 80 90% I Hyper Fang
65%
Ice Physical 30 90% III Ice Ball
65%
Ice Physical 25 100% III Icicle Spear
65%
Steel Physical 80 100% IV Iron Head
65%
Grass Status 90% I Leech Seed
65%
Normal Status 100% I Leer
65%
Grass Special 40 100% I Mega Drain
65%
Psychic Special 100% II Mirror Coat
65%
Fairy Status VI Misty Terrain
65%
Ghost Special 100 100% VII Moongeist Beam
65%
Ground Special 55 95% III Mud Shot
65%
Ground Status III Mud Sport
65%
Water Special 110 85% VI Origin Pulse
65%
Flying Physical 35 100% I Peck
65%
Poison Status 90% I Poison Gas
65%
Normal Physical 40 100% I Pound
65%
Psychic Status IV Power Swap
65%
Normal Status II Protect
65%
Normal Physical 50 100% II Rapid Spin
65%
Dragon Special 150 90% IV Roar of Time
65%
Rock Physical 25 90% III Rock Blast
65%
Rock Physical 50 90% I Rock Throw
65%
Fire Physical 100 95% II Sacred Fire
65%
Normal Physical 40 100% I Scratch
65%
Grass Physical 80 100% IV Seed Bomb
65%
Grass Special 120 85% IV Seed Flare
65%
Ghost Special 80 100% II Shadow Ball
65%
Ghost Physical 70 100% IV Shadow Claw
65%
Normal Physical 80 75% I Slam
65%
Normal Physical 70 100% I Slash
65%
Dragon Special 100 95% IV Spacial Rend
65%
Electric Physical 65 100% II Spark
65%
Normal Special 100% III Spit Up
65%
Grass Status 100% I Spore
65%
Steel Special 140 95% VIII Steel Beam
65%
Normal Status III Stockpile
65%
Normal Physical 65 100% I Stomp
65%
Grass Status 75% I Stun Spore
65%
Fire Status II Sunny Day
65%
Water Special 90 100% I Surf
65%
Normal Status III Swallow
65%
Electric Physical 65 95% IV Thunder Fang
65%
Electric Physical 75 100% I Thunder Punch
65%
Electric Special 40 100% I Thunder Shock
65%
Electric Status 90% I Thunder Wave
65%
Poison Status 90% I Toxic
65%
Normal Status I Transform
65%
Psychic Status 100% III Trick
65%
Psychic Status IV Trick Room
65%
Electric Physical 120 100% III Volt Tackle
65%
Poison Special 40 100% V Acid Spray
59%
Normal Status IV Acupressure
59%
Flying Special 100 95% II Aeroblast
59%
Psychic Status I Agility
59%
Flying Special 60 95% III Air Cutter
59%
Ghost Physical 30 100% III Astonish
59%
Fighting Special 80 IV Aura Sphere
59%
Normal Physical 15 85% I Barrage
59%
Z-Moves Grass VII Bloom Doom
59%
Flying Physical 120 100% IV Brave Bird
59%
Water Special 40 100% I Bubble
59%
Water Special 65 100% I Bubble Beam
59%
Psychic Status III Calm Mind
59%
Normal Physical 10 100% I Constrict
59%
Grass Status V Cotton Guard
59%
Ghost Status II Curse
59%
Dark Special 80 100% IV Dark Pulse
59%
Dark Status 50% IV Dark Void
59%
Bug Status IV Defend Order
59%
Rock Physical 100 95% VI Diamond Storm
59%
Normal Physical 70 100% I Dizzy Punch
59%
Normal Status I Double Team
59%
Flying Physical 120 100% VI Dragon Ascent
59%
Dragon Special 85 100% IV Dragon Pulse
59%
Dragon Physical 100 75% IV Dragon Rush
59%
Dragon Physical 60 90% V Dragon Tail
59%
Flying Physical 80 100% I Drill Peck
59%
Ground Physical 100 100% I Earthquake
59%
Fire Special 110 85% I Fire Blast
59%
Fire Physical 65 95% IV Fire Fang
59%
Fire Special 80 100% V Fire Pledge
59%
Fire Physical 75 100% I Fire Punch
59%
Fire Physical 120 100% IV Flare Blitz
59%
Grass Physical 70 IX Flower Trick
59%
Flying Physical 90 95% I Fly
59%
Fighting Special 120 70% IV Focus Blast
59%
Normal Status I Focus Energy
59%
Fighting Physical 150 100% III Focus Punch
59%
Fairy Status VI Geomancy
59%
Normal Status 100% I Glare
59%
Grass Status 55% III Grass Whistle
59%
Ice Status I Haze
59%
Rock Physical 150 80% IV Head Smash
59%
Normal Status II Heal Bell
59%
Grass Physical 75 100% V Horn Leech
59%
Water Special 150 90% III Hydro Cannon
59%
Psychic Special 80 VI Hyperspace Hole
59%
Ice Special 55 95% II Icy Wind
59%
Fire Special 100 50% V Inferno
59%
Normal Special 100 100% IV Judgment
59%
Fighting Physical 50 100% I Karate Chop
59%
Grass Special 65 90% V Leaf Tornado
59%
Psychic Status I Light Screen
59%
Grass Special 60 III Magical Leaf
59%
Fairy Special 95 100% VI Moonblast
59%
Ground Special 20 100% II Mud-Slap
59%
Normal Status III Nature Power
59%
Dark Physical 70 100% IV Night Slash
59%
Electric Special 80 100% VIII Overdrive
59%
Grass Special 120 100% I Petal Dance
59%
Bug Physical 25 95% I Pin Missile
59%
Poison Status 75% I Poison Powder
59%
Ice Special 40 100% II Powder Snow
59%
Ground Physical 120 85% VI Precipice Blades
59%
Psychic Special 65 100% I Psybeam
59%
Psychic Status VII Psychic Terrain
59%
Psychic Special 80 100% V Psyshock
59%
Psychic Special 100 100% V Psystrike
59%
Grass Physical 55 95% I Razor Leaf
59%
Normal Special 80 100% I Razor Wind
59%
Psychic Status I Reflect
59%
Normal Physical 90 85% IV Rock Climb
59%
Fighting Physical 40 100% II Rock Smash
59%
Fighting Physical 90 100% V Sacred Sword
59%
Ground Status 100% I Sand Attack
59%
Ghost Physical 120 100% IV Shadow Force
59%
Ghost Physical 40 100% IV Shadow Sneak
59%
Ice Special 30% III Sheer Cold
59%
Bug Special 75 100% III Signal Beam
59%
Ice Status IX Snowscape
59%
Ground Status II Spikes
59%
Rock Status IV Stealth Rock
59%
Rock Physical 100 80% IV Stone Edge
59%
Normal Physical 80 100% I Strength
59%
Steel Physical 100 100% VII Sunsteel Strike
59%
Normal Physical 90% I Super Fang
59%
Normal Status I Swords Dance
59%
Ground Physical 90 100% VI Thousand Arrows
59%
Ground Physical 90 100% VI Thousand Waves
59%
Electric Special 80 90% VIII Thunder Cage
59%
Fighting Special 40 100% IV Vacuum Wave
59%
Flying Physical 60 100% I Wing Attack
59%
Psychic Status V Wonder Room
59%
Normal Physical 15 90% I Wrap
59%
Electric Special 120 50% II Zap Cannon
59%
Flying Physical 55 100% V Acrobatics
53%
Flying Physical 60 III Aerial Ace
53%
Normal Status V After You
53%
Rock Special 60 100% II Ancient Power
53%
Water Status IV Aqua Ring
53%
Grass Status III Aromatherapy
53%
Ice Status VII Aurora Veil
53%
Psychic Status I Barrier
53%
Normal Status III Block
53%
Fire Special 130 85% V Blue Flare
53%
Z-Moves Normal VII Breakneck Blitz
53%
Fire Special 130 100% VII Burn Up
53%
Normal Status VI Celebrate
53%
Electric Status III Charge
53%
Normal Physical 18 85% I Comet Punch
53%
Dark Physical 85 100% VII Darkest Lariat
53%
Flying Status IV Defog
53%
Fighting Status II Detect
53%
Ground Physical 80 100% I Dig
53%
Water Physical 80 100% III Dive
53%
Steel Special 140 100% III Doom Desire
53%
Dragon Status III Dragon Dance
53%
Dragon Special 150 100% VIII Dragon Energy
53%
Dragon Special 100% I Dragon Rage
53%
Electric Special 55 95% V Electroweb
53%
Normal Physical 80 100% II Extreme Speed
53%
Fairy Special 40 100% VI Fairy Wind
53%
Bug Physical 90 100% VII First Impression
53%
Ground Physical 30% I Fissure
53%
Normal Status III Follow Me
53%
Normal Status II Foresight
53%
Ice Physical 140 90% V Freeze Shock
53%
Bug Physical 40 95% II Fury Cutter
53%
Normal Physical 18 80% I Fury Swipes
53%
Electric Physical 100 100% V Fusion Bolt
53%
Fire Special 100 100% V Fusion Flare
53%
Ice Physical 130 100% VIII Glacial Lance
53%
Psychic Status IV Guard Swap
53%
Normal Physical 30% I Guillotine
53%
Flying Special 40 100% I Gust
53%
Normal Status VI Happy Hour
53%
Normal Status I Harden
53%
Psychic Status IV Healing Wish
53%
Psychic Status IV Heart Swap
53%
Fire Physical 100% V Heat Crash
53%
Fire Special 95 90% III Heat Wave
53%
Normal Special 60 100% II Hidden Power
53%
Normal Physical 30% I Horn Drill
53%
Water Special 110 80% I Hydro Pump
53%
Normal Special 90 100% III Hyper Voice
53%
Ice Special 140 90% V Ice Burn
53%
Ice Physical 100 90% VII Ice Hammer
53%
Ice Physical 40 100% IV Ice Shard
53%
Steel Status III Iron Defense
53%
Steel Physical 100 75% II Iron Tail
53%
Grass Physical 40 100% VII Leafage
53%
Bug Physical 80 100% I Leech Life
53%
Fighting Physical 100% I Low Kick
53%
Psychic Status IV Lunar Dance
53%
Bug Physical 80 100% VII Lunge
53%
Fire Special 100 75% IV Magma Storm
53%
Max Moves Normal VIII Max Strike
53%
Dark Status 100% III Memento
53%
Steel Physical 50 95% II Metal Claw
53%
Normal Status I Metronome
53%
Normal Status II Milk Drink
53%
Normal Status I Minimize
53%
Psychic Special 70 100% III Mist Ball
53%
Fairy Status II Moonlight
53%
Water Special 90 85% III Muddy Water
53%
Fire Special 75 100% VI Mystical Fire
53%
Ghost Special 100% I Night Shade
53%
Electric Physical 20 100% VI Nuzzle
53%
Flying Special 80 100% VI Oblivion Wing
53%
Fire Special 130 90% III Overheat
53%
Dark Status 100% VI Parting Shot
53%
Normal Physical 40 100% I Pay Day
53%
Grass Physical 90 100% VI Petal Blizzard
53%
Ghost Physical 90 100% VI Phantom Force
53%
Poison Physical 50 100% III Poison Fang
53%
Poison Physical 80 100% IV Poison Jab
53%
Rock Special 80 100% IV Power Gem
53%
Grass Physical 120 85% IV Power Whip
53%
Psychic Physical 70 100% IV Psycho Cut
53%
Water Physical 75 95% V Razor Shell
53%
Psychic Status I Rest
53%
Rock Physical 60 95% III Rock Tomb
53%
Rock Physical 150 90% IV Rock Wrecker
53%
Water Special 80 100% V Scald
53%
Fighting Special 85 100% V Secret Sword
53%
Ghost Physical 60 III Shadow Punch
53%
Normal Status 55% I Sing
53%
Poison Special 65 100% I Sludge
53%
Poison Special 90 100% II Sludge Bomb
53%
Poison Special 95 100% V Sludge Wave
53%
Normal Special 50 100% II Snore
53%
Grass Special 120 100% I Solar Beam
53%
Normal Physical 20 100% I Spike Cannon
53%
Normal Status I Splash
53%
Bug Status VI Sticky Web
53%
Bug Status 95% I String Shot
53%
Normal Status 55% I Supersonic
53%
Normal Physical 25 85% V Tail Slap
53%
Normal Status 100% I Tail Whip
53%
Normal Special 120 100% V Techno Blast
53%
Fire Special 80 100% IX Torch Song
53%
Z-Moves Fairy VII Twinkle Tackle
53%
Dragon Special 40 100% II Twister
53%
Bug Physical 70 100% IV U-turn
53%
Water Physical 80 100% I Waterfall
53%
Water Special 40 100% I Water Gun
53%
Water Special 80 100% V Water Pledge
53%
Water Special 15 100% VI Water Shuriken
53%
Water Status III Water Sport
53%
Water Special 35 85% II Whirlpool
53%
Normal Status I Whirlwind
53%
Normal Status V Work Up
53%
Electric Physical 80 100% VII Zing Zap
53%
Z-Moves Electric VII 10,000,000 Volt Thunderbolt
47%
Water Physical 80 100% IX Aqua Step
47%
Fighting Physical 15 100% III Arm Thrust
47%
Normal Status III Assist
47%
Normal Status II Baton Pass
47%
Flying Physical 100 100% VII Beak Blast
47%
Fighting Physical 80 100% VIII Body Press
47%
Normal Special 140 100% VI Boomburst
47%
Grass Physical 40 100% VIII Branch Poke
47%
Electric Special 50 90% IV Charge Beam
47%
Normal Status IV Copycat
47%
Grass Status 100% II Cotton Spore
47%
Normal Physical 60 100% III Covet
47%
Fairy Special 40 VI Disarming Voice
47%
Normal Physical 35 90% IV Double Hit
47%
Steel Physical 60 100% VII Double Iron Bash
47%
Dragon Special 60 100% II Dragon Breath
47%
Dragon Physical 90 100% VII Dragon Hammer
47%
Dragon Physical 40 90% V Dual Chop
47%
Ground Special 90 100% IV Earth Power
47%
Normal Physical 100 75% I Egg Bomb
47%
Electric Status VI Electric Terrain
47%
Electric Special 100% V Electro Ball
47%
Normal Status 100% V Entrainment
47%
Fire Special 150 100% III Eruption
47%
Normal Physical 40 100% III Fake Out
47%
Fire Special 35 85% I Fire Spin
47%
Fighting Physical 100 95% VI Flying Press
47%
Fighting Physical 60 100% IV Force Palm
47%
Grass Status 100% VI Forest's Curse
47%
Ice Special 70 100% VI Freeze-Dry
47%
Psychic Special 90 100% VIII Freezing Glare
47%
Steel Physical 50 85% V Gear Grind
47%
Grass Special 100% IV Grass Knot
47%
Poison Physical 120 80% IV Gunk Shot
47%
Steel Physical 100% IV Gyro Ball
47%
Psychic Status V Heal Pulse
47%
Dark Status V Hone Claws
47%
Normal Physical 65 100% I Horn Attack
47%
Normal Status III Howl
47%
Flying Special 110 70% V Hurricane
47%
Psychic Status 60% I Hypnosis
47%
Ice Physical 80 100% IX Ice Spinner
47%
Z-Moves Fire VII Inferno Overdrive
47%
Grass Status III Ingrain
47%
Z-Moves Fairy VII Let's Snuggle Forever
47%
Normal Status 75% I Lovely Kiss
47%
Psychic Status VIII Lunar Blessing
47%
Psychic Special 70 100% III Luster Purge
47%
Electric Status IV Magnet Rise
47%
Max Moves Fire VIII Max Flare
47%
Max Moves Electric VIII Max Lightning
47%
Max Moves Grass VIII Max Overgrowth
47%
Max Moves Rock VIII Max Rockfall
47%
Max Moves Steel VIII Max Steelspike
47%
Bug Physical 120 85% II Megahorn
47%
Steel Status 85% III Metal Sound
47%
Normal Status I Mimic
47%
Steel Special 65 85% IV Mirror Shot
47%
Normal Status II Morning Sun
47%
Normal Physical 100% IV Natural Gift
47%
Ghost Status 100% II Nightmare
47%
Fighting Status VIII No Retreat
47%
Normal Status III Odor Sleuth
47%
Dragon Physical 120 100% II Outrage
47%
Normal Status II Pain Split
47%
Flying Physical 60 100% IV Pluck
47%
Poison Physical 50 100% III Poison Tail
47%
Bug Physical 50 100% IX Pounce
47%
Psychic Physical 85 100% VII Psychic Fangs
47%
Psychic Special 140 90% III Psycho Boost
47%
Psychic Special 100% I Psywave
47%
Fire Physical 120 90% VIII Pyro Ball
47%
Bug Status V Quiver Dance
47%
Ghost Physical 50 100% IX Rage Fist
47%
Bug Status V Rage Powder
47%
Normal Status I Recover
47%
Normal Special 75 100% V Relic Song
47%
Fighting Physical 60 85% I Rolling Kick
47%
Rock Physical 30 90% II Rollout
47%
Normal Special 60 100% V Round
47%
Fire Special 100 100% V Searing Shot
47%
Normal Physical 70 100% III Secret Power
47%
Normal Status I Sharpen
47%
Normal Status V Shell Smash
47%
Steel Status V Shift Gear
47%
Bug Special 60 100% III Silver Wind
47%
Normal Status II Sketch
47%
Flying Physical 140 90% I Sky Attack
47%
Flying Physical 60 100% V Sky Drop
47%
Normal Status II Sleep Talk
47%
Rock Physical 50 100% V Smack Down
47%
Normal Physical 70 100% III Smelling Salts
47%
Grass Physical 125 100% VII Solar Blade
47%
Bug Status II Spider Web
47%
Fighting Physical 80 80% I Submission
47%
Normal Status I Substitute
47%
Normal Status 100% II Sweet Scent
47%
Bug Status III Tail Glow
47%
Normal Physical 90 85% I Take Down
47%
Fighting Physical 90 100% VIII Thunderous Kick
47%
Poison Status IV Toxic Spikes
47%
Grass Physical 50 100% IX Trailblaze
47%
Ice Physical 20 90% VIII Triple Axel
47%
Fighting Physical 10 90% II Triple Kick
47%
Fire Physical 180 95% V V-create
47%
Poison Special 65 100% V Venoshock
47%
Fighting Physical 70 100% IV Wake-Up Slap
47%
Water Special 60 100% III Water Pulse
47%
Water Special 150 100% III Water Spout
47%
Normal Special 50 100% III Weather Ball
47%
Rock Status V Wide Guard
47%
Electric Physical 90 100% V Wild Charge
47%
Fire Status 85% III Will-O-Wisp
47%
Normal Status III Wish
47%
Grass Physical 120 100% IV Wood Hammer
47%
Bug Physical 80 100% IV X-Scissor
47%
Psychic Physical 80 90% IV Zen Headbutt
47%
Z-Moves Fighting VII All-Out Pummeling
41%
Water Physical 70 100% IX Aqua Cutter
41%
Water Physical 90 90% IV Aqua Tail
41%
Ghost Special 120 100% VIII Astral Barrage
41%
Fairy Status 100% VI Baby-Doll Eyes
41%
Dark Special 80 95% VII Baddy Bad
41%
Steel Physical 100 100% VIII Behemoth Bash
41%
Steel Physical 100 100% VIII Behemoth Blade
41%
Normal Status II Belly Drum
41%
Flying Physical 85 85% III Bounce
41%
Steel Physical 40 100% IV Bullet Punch
41%
Normal Status III Camouflage
41%
Fairy Status 100% II Charm
41%
Dragon Special 110 100% VII Clanging Scales
41%
Dragon Status VIII Clangorous Soul
41%
Fighting Physical 120 100% IV Close Combat
41%
Poison Status V Coil
41%
Z-Moves Rock VII Continental Crush
41%
Dragon Special 100 100% VII Core Enforcer
41%
Normal Status 100% VIII Court Change
41%
Water Physical 100 90% I Crabhammer
41%
Normal Status I Defense Curl
41%
Dragon Physical 50 100% VIII Dragon Darts
41%
Fairy Special 50 100% VI Draining Kiss
41%
Fighting Physical 75 100% IV Drain Punch
41%
Grass Physical 80 100% VIII Drum Beating
41%
Dragon Special 100 100% VIII Dynamax Cannon
41%
Electric Status VI Electrify
41%
Normal Physical 100% III Endeavor
41%
Flying Status 100% III Feather Dance
41%
Bug Physical 50 100% VI Fell Stinger
41%
Fire Special 80 100% V Fiery Dance
41%
Normal Physical 100% II Flail
41%
Fire Special 70 100% V Flame Burst
41%
Fire Physical 50 100% V Flame Charge
41%
Fire Physical 60 100% II Flame Wheel
41%
Steel Special 80 100% IV Flash Cannon
41%
Ice Special 60 90% V Frost Breath
41%
Normal Physical 100% II Frustration
41%
Normal Physical 15 85% I Fury Attack
41%
Steel Physical 160 100% IX Gigaton Hammer
41%
Z-Moves Electric VII Gigavolt Havoc
41%
Dragon Physical 120 100% IX Glaive Rush
41%
Psychic Status IV Gravity
41%
Ground Physical 100 100% VIII Headlong Rush
41%
Psychic Status 100% IV Heal Block
41%
Psychic Physical 60 100% V Heart Stamp
41%
Dark Physical 100 VI Hyperspace Fury
41%
Steel Status VI King's Shield
41%
Dark Physical 85 100% IX Kowtow Cleave
41%
Ground Physical 90 100% VI Land's Wrath
41%
Normal Physical 140 100% IV Last Resort
41%
Z-Moves Psychic VII Light That Burns the Sky
41%
Water Physical 85 100% VII Liquidation
41%
Normal Status II Lock-On
41%
Fighting Physical 65 100% V Low Sweep
41%
Fighting Physical 40 100% II Mach Punch
41%
Psychic Status V Magic Room
41%
Steel Physical 60 IV Magnet Bomb
41%
Ground Physical 100% II Magnitude
41%
Z-Moves Dark VII Malicious Moonsault
41%
Fighting Status VI Mat Block
41%
Max Moves Flying VIII Max Airstream
41%
Max Moves Fairy VIII Max Flutterby
41%
Max Moves Ice VIII Max Hailstorm
41%
Max Moves Poison VIII Max Ooze
41%
Normal Status IV Me First
41%
Rock Special 120 90% VIII Meteor Beam
41%
Fire Special 150 100% VII Mind Blown
41%
Fairy Special 100 100% VIII Misty Explosion
41%
Ground Special 65 85% IV Mud Bomb
41%
Dark Status IV Nasty Plot
41%
Grass Physical 60 100% III Needle Arm
41%
Normal Status 100% VI Noble Roar
41%
Normal Status II Perish Song
41%
Psychic Special 100 100% VII Photon Geyser
41%
Fairy Physical 90 90% VI Play Rough
41%
Poison Physical 15 100% I Poison Sting
41%
Bug Special 90 100% VII Pollen Puff
41%
Ghost Physical 110 90% VIII Poltergeist
41%
Normal Physical 20 90% IX Population Bomb
41%
Fighting Physical 40 100% VI Power-Up Punch
41%
Psychic Special 160 100% VII Prismatic Laser
41%
Psychic Physical 80 100% IX Psyblade
41%
Normal Status III Refresh
41%
Normal Physical 70 100% V Retaliate
41%
Fighting Physical 60 100% III Revenge
41%
Ground Status VI Rototiller
41%
Grass Physical 100 90% VII Sappy Seed
41%
Ground Special 70 100% VIII Scorching Sands
41%
Normal Status 85% I Screech
41%
Electric Special 60 III Shock Wave
41%
Ground Status VII Shore Up
41%
Normal Physical 130 100% I Skull Bash
41%
Fighting Physical 85 90% III Sky Uppercut
41%
Normal Status I Soft-Boiled
41%
Water Special 90 100% VII Sparkling Aria
41%
Water Special 110 95% VI Steam Eruption
41%
Steel Physical 70 90% II Steel Wing
41%
Rock Physical 65 90% VIII Stone Axe
41%
Psychic Special 20 100% V Stored Power
41%
Normal Physical 50 I Struggle
41%
Bug Special 50 100% V Struggle Bug
41%
Water Physical 25 100% VIII Surging Strikes
41%
Normal Status 85% II Swagger
41%
Fairy Status 75% II Sweet Kiss
41%
Grass Status II Synthesis
41%
Flying Status IV Tailwind
41%
Psychic Status I Teleport
41%
Normal Special 80 100% I Tri Attack
41%
Ghost Status 100% VI Trick-or-Treat
41%
Grass Physical 70 100% VII Trop Kick
41%
Poison Status 100% VI Venom Drench
41%
Fighting Physical 70 II Vital Throw
41%
Electric Special 70 100% V Volt Switch
41%
Z-Moves Poison VII Acid Downpour
35%
Steel Physical 80 100% VII Anchor Shot
35%
Grass Special 80 100% VIII Apple Acid
35%
Steel Status V Autotomize
35%
Poison Status VII Baneful Bunker
35%
Fire Physical 90 100% IX Bitter Blade
35%
Z-Moves Dark VII Black Hole Eclipse
35%
Electric Physical 130 85% V Bolt Strike
35%
Ground Physical 50 90% I Bonemerang
35%
Ground Physical 25 90% II Bone Rush
35%
Fighting Physical 75 100% III Brick Break
35%
Ice Status IX Chilly Reception
35%
Water Physical 35 85% I Clamp
35%
Z-Moves Dragon VII Clangorous Soulblaze
35%
Fighting Status VIII Coaching
35%
Normal Status VI Confide
35%
Z-Moves Steel VII Corkscrew Crash
35%
Psychic Status III Cosmic Power
35%
Normal Status 100% IX Doodle
35%
Psychic Special 100 100% I Dream Eater
35%
Fighting Physical 100 50% II Dynamic Punch
35%
Electric Special 100 100% IX Electro Drift
35%
Dragon Special 160 90% VIII Eternabeam
35%
Psychic Special 80 100% III Extrasensory
35%
Normal Physical 70 100% III Facade
35%
Fairy Status VI Fairy Lock
35%
Dark Status 100% III Fake Tears
35%
Normal Physical 40 100% II False Swipe
35%
Normal Physical 30 100% IV Feint
35%
Fighting Special 100% V Final Gambit
35%
Water Physical 85 100% VIII Fishious Rend
35%
Dark Status 100% III Flatter
35%
Dark Physical 95 100% V Foul Play
35%
Psychic Special 120 100% II Future Sight
35%
Poison Status 100% IV Gastro Acid
35%
Z-Moves Psychic VII Genesis Supernova
35%
Grass Physical 80 100% VIII Grav Apple
35%
Fighting Physical 100 90% IV Hammer Arm
35%
Normal Status III Helping Hand
35%
Ground Physical 95 95% VII High Horsepower
35%
Normal Status VI Hold Hands
35%
Normal Physical 100 100% IX Hyper Drill
35%
Psychic Status III Imprison
35%
Fire Special 60 100% V Incinerate
35%
Ghost Special 60 100% VIII Infernal Parade
35%
Bug Special 20 100% VI Infestation
35%
Electric Status VI Ion Deluge
35%
Water Physical 60 100% IX Jet Punch
35%
Dark Physical 65 100% III Knock Off
35%
Fire Special 80 100% IV Lava Plume
35%
Normal Status IV Lucky Chant
35%
Steel Physical 120 100% IX Make It Rain
35%
Max Moves Water VIII Max Geyser
35%
Max Moves Fighting VIII Max Knuckle
35%
Max Moves Psychic VIII Max Mindstorm
35%
Max Moves Ground VIII Max Quake
35%
Normal Status II Mean Look
35%
Psychic Status I Meditate
35%
Steel Physical 90 90% III Meteor Mash
35%
Normal Physical 120 100% VII Multi-Attack
35%
Z-Moves Ghost VII Never-Ending Nightmare
35%
Dark Special 85 95% V Night Daze
35%
Z-Moves Water VII Oceanic Operetta
35%
Ghost Special 60 100% IV Ominous Wind
35%
Electric Physical 100 100% VII Plasma Fists
35%
Normal Status II Psych Up
35%
Z-Moves Normal VII Pulverizing Pancake
35%
Fighting Status V Quick Guard
35%
Normal Special 90 100% VII Revelation Dance
35%
Flying Status IV Roost
35%
Dark Special 90% IX Ruination
35%
Normal Status II Safeguard
35%
Z-Moves Bug VII Savage Spin-Out
35%
Fighting Physical 100% I Seismic Toss
35%
Ghost Physical 85 100% VII Shadow Bone
35%
Normal Status 100% V Simple Beam
35%
Psychic Status III Skill Swap
35%
Normal Status III Slack Off
35%
Water Special 80 100% VIII Snipe Shot
35%
Normal Special 90% I Sonic Boom
35%
Ghost Physical 80 100% VII Spirit Shackle
35%
Z-Moves Rock VII Splintered Stormshards
35%
Water Special 90 100% VII Splishy Splash
35%
Ground Physical 75 100% VII Stomping Tantrum
35%
Z-Moves Ice VII Subzero Slammer
35%
Normal Special 60 I Swift
35%
Dark Status 100% IV Switcheroo
35%
Normal Status 100% III Teeter Dance
35%
Dark Physical 60 100% II Thief
35%
Normal Physical 120 100% I Thrash
35%
Dark Physical 80 100% VII Throat Chop
35%
Normal Status 100% III Tickle
35%
Normal Status IX Tidy Up
35%
Fighting Physical 50 100% VIII Triple Arrows
35%
Normal Physical VII Veevee Volley
35%
Water Physical 75 100 VIII Wave Crash
35%
Dark Physical 80 100% VIII Wicked Blow
35%
Water Status I Withdraw
35%
Grass Status 100% IV Worry Seed
35%
Normal Special 100% IV Wring Out
35%
Psychic Status V Ally Switch
29%
Fire Special 120 100% IX Armor Cannon
29%
Dark Physical 60 100% IV Assurance
29%
Electric Physical 110 100% VIII Aura Wheel
29%
Fighting Physical 120 90% IX Axe Kick
29%
Poison Special 120 90% VI Belch
29%
Ghost Special 60 100% VIII Bitter Malice
29%
Flying Special 95 80% VIII Bleakwind Storm
29%
Electric Physical 85 100% VIII Bolt Beak
29%
Ground Physical 65 85% I Bone Club
29%
Dark Physical 60 100% VII Brutal Swing
29%
Ground Physical 60 100% V Bulldoze
29%
Fire Special 70 100% VIII Burning Jealousy
29%
Normal Status 100% IV Captivate
29%
Z-Moves Electric VII Catastropika
29%
Flying Special 65 100% IV Chatter
29%
Dark Status 100% IX Comeuppance
29%
Poison Physical 70 100% IV Cross Poison
29%
Fairy Status VIII Decorate
29%
Ghost Status II Destiny Bond
29%
Z-Moves Dragon VII Devastating Drake
29%
Poison Physical 60 100% VIII Dire Claw
29%
Normal Status 100% I Disable
29%
Electric Special 80 100% IV Discharge
29%
Electric Physical 120 100% IX Double Shock
29%
Ground Physical 80 95% V Drill Run
29%
Flying Physical 40 90% VIII Dual Wingbeat
29%
Normal Special 40 100% V Echoed Voice
29%
Dark Status 100% IV Embargo
29%
Normal Status 100% II Encore
29%
Normal Status II Endure
29%
Z-Moves Normal VII Extreme Evoboost
29%
Dark Physical 60 II Feint Attack
29%
Fire Physical 80 100% VII Fire Lash
29%
Fairy Special 130 90% VII Fleur Cannon
29%
Dark Physical 100% IV Fling
29%
Water Physical 60 100% VIII Flip Turn
29%
Max Moves Fire VIII G-Max Wildfire
29%
Normal Status I Growth
29%
Ghost Status III Grudge
29%
Z-Moves Fairy VII Guardian of Alola
29%
Normal Physical 120 100% V Head Charge
29%
Steel Physical 100% V Heavy Slam
29%
Ghost Special 65 100% V Hex
29%
Normal Physical 40 100% VI Hold Back
29%
Water Special 80 100% IX Hydro Steam
29%
Z-Moves Water VII Hydro Vortex
29%
Grass Status VIII Jungle Healing
29%
Psychic Status 80% I Kinesis
29%
Psychic Status III Magic Coat
29%
Max Moves Dark VIII Max Darkness
29%
Max Moves Ghost VIII Max Phantasm
29%
Max Moves Fairy VIII Max Starfall
29%
Steel Physical 100% IV Metal Burst
29%
Normal Status II Mind Reader
29%
Fairy Special 90% VII Nature's Madness
29%
Dark Status 100% VIII Obstruct
29%
Water Special 65 85% II Octazooka
29%
Fighting Status 100% VIII Octolock
29%
Dragon Physical 80 100% IX Order Up
29%
Electric Special 65 100% VI Parabolic Charge
29%
Electric Special VII Pika Papow
29%
Normal Status VI Play Nice
29%
Psychic Status IV Power Trick
29%
Psychic Physical 70 90% VIII Psyshield Bash
29%
Poison Status VII Purify
29%
Normal Physical 90 100% IX Raging Bull
29%
Normal Status V Reflect Type
29%
Normal Physical 100% II Return
29%
Normal Status IX Revival Blessing
29%
Rock Physical 40 100% IX Salt Cure
29%
Ground Special 95 80% VIII Sandsear Storm
29%
Ground Physical 35 85% III Sand Tomb
29%
Dragon Physical 25 90% VIII Scale Shot
29%
Normal Status IX Shed Tail
29%
Fire Special 150 100% VII Shell Trap
29%
Z-Moves Ghost VII Sinister Arrow Raid
29%
Poison Special 30 70% I Smog
29%
Ghost Physical 90 100% VII Spectral Thief
29%
Fairy Physical 75 100% VIII Spirit Break
29%
Ghost Status 100% II Spite
29%
Fairy Special 95 80% VIII Springtide Storm
29%
Fighting Physical 60 100% V Storm Throw
29%
Grass Status 100% VII Strength Sap
29%
Fighting Physical 120 100% III Superpower
29%
Z-Moves Flying VII Supersonic Skystrike
29%
Rock Status 100% VIII Tar Shot
29%
Normal Special 80 100% IX Tera Blast
29%
Normal Special 50 100% VIII Terrain Pulse
29%
Psychic Special 40 100% IX Twin Beam
29%
Fighting Status VIII Victory Dance
29%
Normal Status III Yawn
29%
Poison Physical 60 100% VIII Barb Barrage
24%
Dark Physical 100% II Beat Up
24%
Normal Status V Bestow
24%
Dragon Physical 60 100% VIII Breaking Swipe
24%
Dark Physical 65 90% VIII Ceaseless Edge
24%
Water Special 50 100% IX Chilling Water
24%
Normal Physical 70 100% V Chip Away
24%
Grass Special 120 95% VIII Chloroblast
24%
Fighting Physical 60 90% V Circle Throw
24%
Poison Special 50 V Clear Smog
24%
Fighting Physical 100 100% IX Collision Course
24%
Fighting Physical 100 80% II Cross Chop
24%
Dark Special 90 100% VIII Fiery Wrath
24%
Normal Status IX Fillet Away
24%
Fairy Status VII Floral Healing
24%
Max Moves Water VIII G-Max Cannonade
24%
Max Moves Normal VIII G-Max Cuddle
24%
Max Moves Grass VIII G-Max Drum Solo
24%
Psychic Status V Guard Split
24%
Psychic Status VII Instruct
24%
Ghost Physical 50 100% IX Last Respects
24%
Fairy Special 140 90% VI Light of Ruin
24%
Electric Status VI Magnetic Flux
24%
Poison Physical 30 100% IX Mortal Spin
24%
Ice Physical 100 85% VIII Mountain Gale
24%
Dark Physical 50 100% IV Payback
24%
Psychic Status V Power Split
24%
Dark Physical 20 100% VII Power Trip
24%
Normal Physical 90% II Present
24%
Psychic Status 100% IV Psycho Shift
24%
Dark Physical 40 100% II Pursuit
24%
Dark Status 100% V Quash
24%
Normal Status III Recycle
24%
Z-Moves Psychic VII Shattered Psyche
24%
Fire Physical 60 100% VII Sizzly Slide
24%
Bug Physical 70 90% VIII Skitter Smack
24%
Steel Physical 70 VII Smart Strike
24%
Normal Status 100% I Smokescreen
24%
Dark Special 55 95% V Snarl
24%
Dark Status III Snatch
24%
Water Status 100% V Soak
24%
Steel Physical 100 100% IX Spin Out
24%
Bug Physical 65 100% V Steamroller
24%
Dark Physical 70 100% IV Sucker Punch
24%
Psychic Special 120 100% V Synchronoise
24%
Psychic Status VIII Take Heart
24%
Dark Status 100% III Taunt
24%
Normal Status VIII Teatime
24%
Dark Status VI Topsy-Turvy
24%
Dark Status 100% III Torment
24%
Poison Status 100% VII Toxic Thread
24%
Normal Special IV Trump Card
24%
Normal Special 90 100% III Uproar
24%
Normal Physical 55 100% I Vise Grip
24%
Electric Special 95 80% VIII Wildbolt Storm
24%
Electric Physical 80 100% VII Zippy Zap
24%
Water Special 60 100% VII Bouncy Bubble
18%
Water Special 65 100% IV Brine
18%
Poison Status 100% VIII Corrosive Gas
18%
Fairy Status VI Crafty Shield
18%
Electric Status 100% VI Eerie Impulse
18%
Psychic Special 75 90% VIII Esper Wing
18%
Psychic Special 80 100% VIII Expanding Force
18%
Dark Physical 80 VIII False Surrender
18%
Max Moves Fire VIII G-Max Fireball
18%
Max Moves Normal VIII G-Max Gold Rush
18%
Max Moves Psychic VIII G-Max Gravitas
18%
Max Moves Steel VIII G-Max Meltdown
18%
Max Moves Normal VIII G-Max Replenish
18%
Max Moves Ice VIII G-Max Resonance
18%
Max Moves Grass VIII G-Max Sweetness
18%
Max Moves Grass VIII G-Max Tartness
18%
Max Moves Grass VIII G-Max Vine Lash
18%
Max Moves Rock VIII G-Max Volcalith
18%
Max Moves Electric VIII G-Max Volt Crash
18%
Dark Physical 80 100% VIII Jaw Lock
18%
Normal Status VII Laser Focus
18%
Psychic Special 80 100% IX Lumina Crash
18%
Psychic Status 100% VIII Magic Powder
18%
Max Moves Dragon VIII Max Wyrmwind
18%
Fighting Physical 150 100% VIII Meteor Assault
18%
Psychic Special 70 90% VIII Mystical Power
18%
Normal Status VIII Power Shift
18%
Fire Physical 90 85% VIII Raging Fury
18%
Fighting Physical 100% II Reversal
18%
Electric Special 70 100% VIII Rising Voltage
18%
Normal Status 100% II Scary Face
18%
Z-Moves Steel VII Searing Sunraze Smash
18%
Poison Special 90 100% VIII Shell Side Arm
18%
Bug Status IX Silk Trap
18%
Grass Physical 35 100% VIII Snap Trap
18%
Z-Moves Ghost VII Soul-Stealing 7-Star Strike
18%
Grass Status IX Spicy Extract
18%
Steel Physical 130 100% VIII Steel Roller
18%
Normal Status VIII Stuff Cheeks
18%
Normal Status VII Tearful Look
18%
Z-Moves Ground VII Tectonic Rage
18%
Psychic Status V Telekinesis
18%
Fire Physical 80 100% IX Blazing Torque
12%
Electric Special 60 100% VII Buzzy Buzz
12%
Fighting Physical 100 100% IX Combat Torque
12%
Psychic Special 80 100% VIII Eerie Spell
12%
Flying Physical 90 95% VII Floaty Fall
12%
Fairy Status VI Flower Shield
12%
Ice Special 100 90% VII Freezy Frost
12%
Max Moves Bug VIII G-Max Befuddle
12%
Max Moves Fighting VIII G-Max Chi Strike
12%
Max Moves Fairy VIII G-Max Finale
12%
Max Moves Water VIII G-Max Foam Burst
12%
Max Moves Poison VIII G-Max Malodor
12%
Max Moves Dark VIII G-Max One Blow
12%
Max Moves Fairy VIII G-Max Smite
12%
Max Moves Dark VIII G-Max Snooze
12%
Max Moves Steel VIII G-Max Steelsurge
12%
Max Moves Water VIII G-Max Stonesurge
12%
Max Moves Flying VIII G-Max Wind Rage
12%
Dark Physical 75 100% VIII Lash Out
12%
Water Status VIII Life Dew
12%
Fairy Physical 100 100% IX Magical Torque
12%
Z-Moves Ghost VII Menacing Moonraze Maelstrom
12%
Psychic Status IV Miracle Eye
12%
Poison Physical 100 100% IX Noxious Torque
12%
Dark Physical 100% IV Punishment
12%
Steel Status VIII Shelter
12%
Psychic Status VII Speed Swap
12%
Normal Status VII Spotlight
12%
Z-Moves Electric VII Stoked Sparksurfer
12%
Fairy Special 90 95% VIII Strange Steam
12%
Water Physical 30 95% IX Triple Dive
12%
Fairy Status VI Aromatic Mist
6%
Steel Status VII Gear Up
6%
Psychic Special 80 95% VII Glitzy Glow
6%
Max Moves Dragon VIII G-Max Depletion
6%
Max Moves Water VIII G-Max Rapid Flow
6%
Max Moves Ground VIII G-Max Sandblast
6%
Max Moves Electric VIII G-Max Stun Shock
6%
Max Moves Ghost VIII G-Max Terror
6%
Psychic Status III Role Play
6%
Fairy Special 120 85% VII Sparkly Swirl
6%
Dark Physical 80 100% IX Wicked Torque
6%
Max Moves Fire VIII G-Max Centiferno
0%
Max Moves Water VIII G-Max Hydrosnipe
0%
No matching quizzes found
Score Distribution
Percent of People with Each Score
Percentile by Number Answered
Your Score History
You have not taken this quiz since the last reset